Couvertures des Jeux NBA 2K - Statistiques

Statistiques générales
  • Ce quiz a été pris 125 fois
  • Le résultat moyen est 7 sur 26
Statistiques - réponses
Hint Réponse % Correct
NBA 2K25 2024 Jayson Tatum
89%
NBA 2K24 2023 Kobe Bryant
63%
NBA 2K23 2022 Devin Booker
57%
NBA 2K22 2021 Luka Doncic
53%
NBA 2K20 2019 Anthony Davis
46%
NBA 2K21 2020 Damian Lillard et Zion Williamson
35%
NBA 2K14 2013 Lebron James
35%
NBA 2K18 2017 Kyrie Irving
33%
NBA 2K17 2016 Paul George
31%
NBA 2K19 2018 Giannis Antetokounmpo
30%
NBA 2K15 2014 Kevin Durant
24%
NBA 2K10 2009 Kobe Bryant
17%
NBA 2K16 2015 Stephen Curry, James Harden et Anthony Davis
16%
NBA 2K 1999 Allen Iverson
15%
NBA 2K11 2010 Michael Jordan
15%
NBA 2K6 2005 Shaquille O'Neal
15%
ESPN NBA Basketball 2K4 2003 Allen Iverson
14%
NBA 2K3 2002 Allen Iverson
14%
NBA 2K7 2006 Shaquille O'Neal
14%
NBA 2K2 2001-02 Allen Iverson
13%
NBA 2K1 2000 Allen Iverson
13%
NBA 2K13 2012 Derrick Rose, Black Griffin et Kevin Durant
12%
NBA 2K8 2007 Chris Paul
11%
NBA 2K9 2008 Kevin Garnett
11%
ESPN NBA 2K5 2004 Ben Wallace
10%
NBA 2K12 2011 Michael Jordan, Larry Bird et Magic Johnson
5%
Aucun quiz correspondant
Distribution des résultats
% des personnes avec chaque résultat
Percentile par nombre de réponses
Votre historique - résultats
Vous n’avez pas pris ce quiz